| 000 | 00917nam0a22002771 4500 | ||
|---|---|---|---|
| 001 | v19\rc\1594586 | ||
| 005 | 20260406143647.0 | ||
| 035 | _a(NLR Aleph) 004718288 | ||
| 090 |
_a4296435 _c4296435 |
||
| 100 | _a20061002d1895 |||y0rusy50 ca | ||
| 101 | 0 | _arus | |
| 102 | _aRU | ||
| 105 | _ay z ||||| | ||
| 200 | 1 | _aСборник правил для учеников Московской 5 гимназии | |
| 210 |
_aМосква _d1895 |
||
| 215 |
_a35 с. _d17 |
||
| 532 | 1 | 1 | _aСборник правил для учеников Московской пятой гимназии |
| 710 | 0 | 2 |
_aМосковская мужская гимназия _c5 _3RU\NLR\AUTH\889922867 _9341678 |
| 801 | 0 |
_aRU _bNLR _gpsbo |
|
| 801 | 0 |
_aRU _bRuMoRGB _2psbo |
|
| 801 | 1 |
_aRU _bProSoft-M _2rusmarc |
|
| 852 |
_aNLR _j20.62.7.171 |
||
| 852 |
_aNLR _bМф _jК-1/20732 |
||
| 899 |
_aRuMoRGB _jA 213/546 |
||
| 942 | _cBOOK | ||
| 980 | _aNB | ||